LEADER 01062nam a2200217 4500 001 000000365134 003 CaOOAMICUS 005 20251111161415.0 008 251111s1958 it c 000 u ita r 040 $aSeMil$bita 100 1 $aOlivetti, Adriano <1901-1960>.$0(OLS)http://semarc/name/53051 245 12$aL'idea di una comunità concreta :$bper una civiltà cristiana /$cAdriano Olivetti ; a cura del Comitato centrale delle Comunità. 264 1$a[s.l.] :$bMovimento Comunità,$c1958$e(Milano :$fG. Colombi) 300 $a32 p., [1] p. di ritratto ;$c21 cm 500 $aTratto dal primo capitolo del vol. Ordine politico delle Comunità 650 4$aMovimento Comunità.$0(OLS)http://semarc/subject/41784 850 $aSeMil 852 $aSeMil$W1$xVenegono$y1$m5C VIII 2/26$j264446$B255979$CSeMilBibl$Z2$F255979 $81 996 $6245$aL'idea di una comunità concreta :$bper una civiltà cristiana$9(OLS)http://semarc/title/456680 996 $6264$a[s.l.] :$bMovimento Comunità$9(OLS)http://semarc/publisher/62708 LEADER 01204nam a2200289 i 4500 001 000000191934 003 CaOOAMICUS 005 20190411171838.0 008 100830s2007 it fb u000 u ita u 013 $a170506 020 $a978-88-15-11860-8 040 $aSeMil$bita 100 1 $aCartocci, Roberto.$0(OLS)http://semarc/name/47243 245 10$aMappe del tesoro :$batlante del capitale sociale in Italia /$cRoberto Cartocci. 260 $aBologna :$bIl Mulino,$c2007. 300 $a157 p. :$btabelle ;$c21 cm. 490 0 $aContemporanea ;$v178 500 $aContiene : Appendici. 650 4$aRelazioni umane.$0(OLS)http://semarc/subject/16301 650 4$aRelazioni interpersonali.$0(OLS)http://semarc/subject/6505 830 0$aContemporanea ;$v178.$0(OLS)http://semarc/title/1948 850 $aSeMil 852 $aSeMil$W1$xVenegono$y1$m3N VI 592$j213018$B142512$CSeMilBibl$Z2$F154082 $81 996 $6020$a978-88-15-11860-8$9(OLS)http://semarc/number/183068 996 $6245$aMappe del tesoro :$batlante del capitale sociale in Italia$9(OLS)http://semarc/title/276476 996 $6260$aBologna :$bIl Mulino$9(OLS)http://semarc/publisher/29842